| 000 | 00795cam a2200205 4500 | ||
|---|---|---|---|
| 005 | 20170529141316.0 | ||
| 008 | 081227s2007 mx 000 0 spa u | ||
| 020 | _a9681212711 | ||
| 050 | 0 | 4 |
_aBF575 .H27 _bG69 2007 |
| 245 | 0 | 0 |
_aGozos y sufrimientos en la historia de México / _cPilar Gonzalbo Aizpuru, Verónica Zárate Toscano, coord. |
| 250 | _a1a ed. | ||
| 260 |
_aMéxico : _bColegio de México, _c2007 |
||
| 300 |
_a315 p. : _bil. ; _c23 cm. |
||
| 650 | 7 |
_2Librunam _aHistoria _xAspectos psicológicos _zMéxico |
|
| 650 | 7 |
_2Librunam _aHistoria _xAspectos sociales _xAlegría y tristeza _zMéxico |
|
| 651 | 7 |
_2Librunam _aMéxico _xVida social y costumbres |
|
| 700 | 1 |
_aGonzalbo Aispuru, Pilar, _ecoord. |
|
| 700 | 1 |
_aZárate Toscano, Verónica, _ecoord. |
|
| 942 |
_2lcc _cLIB |
||
| 999 |
_c73299 _d73299 |
||